Statistics for United States cities by highest recorded temperature

Click here to take the quiz!

General Stats

  • This quiz has been taken 31 times
  • The average score is 11 of 18

Answer Stats

TemperatureAnswer% Correct
113 F (45 C)Los Angeles
92%
122 F (50 C)Phoenix
92%
113 F (45 C)Dallas
84%
111 F (44 C)San Diego
80%
118 F (48 C)Las Vegas
76%
117 F (47 C)Tucson
76%
112 F (44 C)Austin
72%
113 F (45 C)Oklahoma City
64%
111 F (44 C)San Antonio
64%
113 F (45 C)Kansas City
60%
114 F (46 C)Sacramento
56%
115 F (46 C)St. Louis
56%
115 F (46 C)Tulsa
52%
116 F (47 C)Portland
44%
110 F (43 C)Omaha
36%
114 F (46 C)Fresno
32%
118 F (48 C)Riverside
32%
111 F (44 C)Louisville
24%

Score Distribution

Percentile by Number Answered

Percent of People with Each Score

Your Score History

You have not taken this quiz